| 000 | 00383nam a2200157Ia 4500 | ||
|---|---|---|---|
| 003 | LK-CoDNM | ||
| 008 | 010623t1906 xxu||||| |||| 00| 1 eng d | ||
| 040 |
_aLK-CoDNM _dLK-CoDNM _eLK-CoDNM |
||
| 041 | _aeng | ||
| 080 |
_a50 _bC14 |
||
| 245 | _aSt.Benedict's annual,1906 | ||
| 260 |
_bCeylon Examiner _aColombo _c1906 |
||
| 300 | _b78P., 22 cm | ||
| 650 | _aChristianity | ||
| 942 | _cBK | ||
| 999 |
_c86248 _d86248 |
||